| 000 | 00730nam a2200253Ia 4500 | ||
|---|---|---|---|
| 001 | dia_2564 | ||
| 003 | CHAP | ||
| 005 | 20251027152911.0 | ||
| 008 | 220117s1995 xx 000 0 und d | ||
| 010 | _a173082 | ||
| 020 | _a968-7534-67-2 | ||
| 040 | _cCHAP | ||
| 082 | _a658.83 M4 | ||
| 100 |
_aMercado H., Salvador _9148005 |
||
| 245 |
_aInvestigacion de Mercados, Teoria y Practica; Vale mas Dominar un Mercado que Disponer de una Empresa / _c por Salvador Mercado H. |
||
| 260 |
_aMéxico : _b Pac, _c1995 |
||
| 300 | _a363 p. | ||
| 503 | _aC/e | ||
| 650 |
_aMercados _974925 |
||
| 901 | _a658.83 M4 | ||
| 902 | _aM | ||
| 905 | _a0000001995 MX X 0000000000SPA00 | ||
| 942 |
_cLIBRO _2ddc |
||
| 999 |
_c173082 _d173082 |
||